| 000 | 00914cam a2200145ua 4500 | ||
|---|---|---|---|
| 041 |
_aeng _h |
||
| 082 |
_a691.421 _bIND/GU |
||
| 110 | 1 |
_aIndian standards institution . _bISI _c() |
|
| 245 |
_aGuide for manufacture of hand made common burnt clay building bricks,IS:2117-1975 / _cIndian standards institution. _hTextual Documents |
||
| 260 |
_a : _bISI , _c1976. |
||
| 300 | _a20 ; . | ||
| 504 | _a | ||
| 942 | _cBK | ||
| 999 |
_c4298 _d4298 |
||